| 000 | 00798cab a2200241 4500 | ||
|---|---|---|---|
| 001 | ABS56272 | ||
| 008 | 090401t1996 xxu||||| |||| 00| 0 eng d | ||
| 035 | _a(Sirsi) u22445 | ||
| 041 | _aeng | ||
| 100 | _aSidley, E.de B. | ||
| 245 | _aNew Act should reduce party wall disputes | ||
| 260 | _c1996 | ||
| 350 | _a0 | ||
| 490 |
_aBuilding Engineer _v71(9) November 1996, 8-10(3) |
||
| 520 | _aReviews the Party Wall etc Act 1996; considers building on a boundary, adjacent excavations, procedures, rights of parties, and resolution of disputes. | ||
| 650 |
_aBoundary disputes _96221 |
||
| 650 | _aLONDON BUILDING ACTS AMENDMENT ACT 1939 | ||
| 650 | _aPARTY WALL ETC ACT 1996 | ||
| 650 |
_aParty walls _96258 |
||
| 690 | _aPROPERTY LAW AND PRACTICE | ||
| 942 | _n0 | ||
| 948 | _c04/03/1997 | ||
| 999 |
_c15037 _d15037 |
||